| 000 | 01048cab a2200313 4500 | ||
|---|---|---|---|
| 001 | ABS53903 | ||
| 008 | 090401t1995 xxu||||| |||| 00| 0 eng d | ||
| 035 | _a(Sirsi) u7289 | ||
| 041 | _aeng | ||
| 100 | _aTompsett, R. | ||
| 245 | _aBedlam revisited | ||
| 260 | _c1995 | ||
| 350 | _a0 | ||
| 490 |
_aPlanning Week _v3(47) 23 November 1995, 20(1) |
||
| 520 | _aTackles the issue of what to do with redundant mental institutions and hospitals; looking at popular options for redevelopment such as university campuses or residential accommodation. Refers to a study by SAVE: "Mind over matter" which examines the best options for reuse. | ||
| 650 | _aALTERNATIVE USES | ||
| 650 | _aCONVERSION | ||
| 650 | _aHEALTH BUILDINGS | ||
| 650 | _aHOSPITALS | ||
| 650 | _aLUNATIC ASYLUMS | ||
| 650 | _aMENTAL INSTITUTIONS | ||
| 650 | _aREDEVELOPMENT | ||
| 650 | _aREDUNDANT BUILDINGS | ||
| 650 | _aRESIDENTIAL DEVELOPMENT | ||
| 650 | _aUNIVERSITY CAMPUSES | ||
| 690 | _aPROPERTY-COMMERCIAL PROPERTY | ||
| 942 | _n0 | ||
| 948 | _c04/03/1997 | ||
| 999 |
_c4386 _d4386 |
||